UGC Natinal Seminar on Management of Digital/E-Resources/ (Record no. 211398)

MARC details
000 -LEADER
fixed length control field 00731nam a2200205 4500
005 - DATE AND TIME OF LATEST TRANSACTION
control field 20250523123752.0
010 ## - LCCN (DPL NO)
LC control number ENG-145023
020 ## - INTERNATIONAL STANDARD BOOK NUMBER
Terms of availability 750.00
International Standard Book Number 9788192216706
035 ## - SYSTEM CONTROL NUMBER
System control number EN-128555
037 ## - SOURCE OF ACQUISITION
Source of stock number/acquisition DBAD
082 ## - DEWEY DECIMAL CLASSIFICATION NUMBER
Classification number 025.04
Edition number 1
245 ## - TITLE STATEMENT
Title UGC Natinal Seminar on Management of Digital/E-Resources/
Statement of responsibility, etc Edited By N. Laxman Rao; S. Sudarshan Rao [and] K.H. Sunitha
260 ## - PUBLICATION, DISTRIBUTION, ETC. (IMPRINT)
Place of publication, distribution, etc Hyderabad
Name of publisher, distributor, etc Sarojini Naidu Vanita Maha Vidhyalaya
Date of publication, distribution, etc 2011
270 ## - ADDRESS
Address Exhibhition Grounds, M.J. Road
City Hyderabad
Postal code 500001
300 ## - PHYSICAL DESCRIPTION
Extent 742p.
Dimensions 22cm(pb )
700 ## - ADDED ENTRY--PERSONAL NAME
Personal name Rao, N. Laxman
Relator term Editor
9 (RLIN) 81368
700 ## - ADDED ENTRY--PERSONAL NAME
Personal name Rao, S. Sudarshan
Relator term Editor
9 (RLIN) 81369
700 ## - ADDED ENTRY--PERSONAL NAME
Personal name Sunitha, K.H.
Relator term Editor
9 (RLIN) 81370
942 ## - ADDED ENTRY ELEMENTS (KOHA)
Source of classification or shelving scheme Dewey Decimal Classification
Item type English Books
Classification part 025.04
Call number suffix UGC
Holdings
Withdrawn status Lost status Not for loan Collection code Home library Current library Date acquired Source of acquisition Cost, normal purchase price Full call number Barcode Copy number Cost, replacement price Koha item type
      Non-fiction New Police Line New Police Line 23/05/2025 Delivery of Books Act Division 750.00 025.04 UGC EN-128555 1 750.00 English Books

© Delhi Public Library
Hit Counter
free hit counter